| 000 | 01532nam a22003737a 4500 | ||
|---|---|---|---|
| 003 | CHAP | ||
| 005 | 20220817044446.0 | ||
| 008 | 210711s2011 mx r 00110 spa d | ||
| 010 | _a101572 | ||
| 011 | _a102544 | ||
| 035 | _a113233 | ||
| 040 | _cCHAP | ||
| 090 | _aTesis | ||
| 100 | 1 |
_aFlores Pineda, Yuridia Citlalli _941681 |
|
| 245 | 1 | 0 |
_aIdentificación de algunos generos de nematodos asociados a betabel (Beta vilgaris L.) en Chapingo, México _h[En línea] _c/por Yuridia Citlalli Flores Pineda |
| 260 |
_aChapingo, Méx. : _bEl autor, _c2011 |
||
| 500 | _aPara ver el contenido del material haga clic en la liga | ||
| 502 | _aTesis(Ing. Agr. Esp. en Parasitologia Agricola) -- UACH. Departamento de Parasitologia Agrícola | ||
| 590 |
_aALEPH _b10 _c20130110 _lUCH01 _h1541 |
||
| 590 |
_aBATCH-UPD _b10 _c20130110 _lUCH01 _h1533 |
||
| 590 |
_aBATCH-UPD _b10 _c20130410 _lUCH01 _h0939 |
||
| 590 |
_aBATCH-UPD _b10 _c20130914 _lUCH01 _h1435 |
||
| 590 |
_aBATCH-UPD _b10 _c20140324 _lUCH01 _h1526 |
||
| 590 |
_aBATCH-UPD _b10 _c20141002 _lUCH01 _h0849 |
||
| 590 |
_aCONVERSION _b10 _c20130109 _lUCH01 _h1356 |
||
| 650 | 1 | 4 | _aNemátodos parásitos de plantas. |
| 650 | 1 | 4 |
_aRemolacha _xEnfermedades. _995859 |
| 650 | 1 | 4 |
_aRemolacha _zMéxico (Edo.). _995868 |
| 856 |
_3Finding aid _uhttp://10.13.5.2/tesis/113233.pdf _zTeclea aqui |
||
| 901 | _aBK | ||
| 942 | _cFOLL | ||
| 949 |
_aTesis _bBC _cTES _d33724002249017 _eTS1 _gDonaciØn _h52437 _i113233 _st |
||
| 949 |
_aTesis _bBC _cTES _d33724002249058 _eTS2 _fc.2 _gDonaciØn _h52438 _i113233 _st |
||
| 999 |
_c101572 _d101572 |
||